Statistiken für berlin Bus quiz Linie 101

Klicken Sie hier um das Quiz zu spielen!

Allgemein

  • Dieses Quiz wurde 3 mal gespielt
  • Das Durchschnittsergebnis liegt bei 13 aus 43

Antwortstatistiken

bus LinieAntwort% Korrekt
Linie 101Detmolder Str./​Blissestr.
100%
Linie 101Olivaer Platz
100%
Linie 101S Zehlendorf
100%
Linie 101Turmstr./​Waldstr.
100%
Linie 101U Blissestr.
100%
Linie 101U Breitenbachplatz
100%
Linie 101U Konstanzer Str.
100%
Linie 101Alt-Moabit/​Gotzkowskystr.
50%
Linie 101Alt-Moabit/​Rathaus Tiergarten
50%
Linie 101Bismarckstr./​Leibnizstr.
50%
Linie 101Düsseldorfer Str.
50%
Linie 101Kantstr./​Leibnizstr.
50%
Linie 101Machnower Str./​Berlepschstr.
50%
Linie 101Otto-Suhr-Allee/​Leibnizstr.
50%
Linie 101Rathaus Tiergarten
50%
Linie 101U Fehrbelliner Platz
50%
Linie 101Unter den Eichen/​Drakestr.
50%
Linie 101Zehlendorf Eiche
50%
Linie 101Altensteinstr./​Fabeckstr.
0%
Linie 101Am Volkspark
0%
Linie 101Behring-Krankenhaus
0%
Linie 101Birger-Forell-Platz
0%
Linie 101Deidesheimer Str.
0%
Linie 101Franklinstr.
0%
Linie 101Goethestr.
0%
Linie 101Guerickestr.
0%
Linie 101Gutzmannstr.
0%
Linie 101Hanauer Str.
0%
Linie 101Helmholtzstr.
0%
Linie 101Holländische Mühle
0%
Linie 101Kleinaustr.
0%
Linie 101Königin-Luise-Pl./​Botan. Garten
0%
Linie 101Laubenheimer Str.
0%
Linie 101Limonenstr.
0%
Linie 101Mommsenstr.
0%
Linie 101Reichensteiner Weg
0%
Linie 101Rohlfsstr.
0%
Linie 101Schorlemerallee
0%
Linie 101Schrockstr.
0%
Linie 101Thielallee/​Dahlemer Weg
0%
Linie 101Von-Laue-Str.
0%
Linie 101Wiesbadener Str./​Laubacher Str.
0%
Linie 101Winfriedstr.
0%

Verteilung der Resultate

Perzentil nach korrekt beantworteten Fragen

Anzahl Personen mit jedem Resultat

Ihre Resultats-Entwicklung

Sie haben dieses Quiz noch nicht gespielt